| 000 | 00620nam a22001697a 4500 | ||
|---|---|---|---|
| 082 | _a621.3 | ||
| 100 | _aSaeed, Muhammad Affan ; Saeed, Muhammad Hafeez ; Ahmed, Moiz | ||
| 245 |
_aHaythem: _bThe Ocular Surgery Robot / _cMuhammad Affan Saeed ; Muhammad Hafeez Saeed ; Moiz Ahmed |
||
| 260 |
_aIslamabad : _bSEECS - NUST, _c2018. |
||
| 300 |
_a59 p. ; _c30cm. |
||
| 563 | _aa | ||
| 650 |
_aElectrical Engineering-Project Report _930780 |
||
| 700 |
_aDr. Ahmad Salman _918529 |
||
| 856 | _uhttp://10.250.8.41:8080/xmlui/handle/123456789/5223 | ||
| 942 |
_2ddc _cPR |
||
| 999 |
_c536987 _d536987 |
||